|
|
|
|
| LEADER |
00000nam0a2200000 4500 |
| 001 |
349634 |
| 005 |
20260326071550.0 |
| 035 |
|
|
|a (RuTPU)RU\TPU\retro\2380
|
| 090 |
|
|
|a 349634
|
| 100 |
|
|
|a 20180731d1934 km y0rusy50 ca
|
| 101 |
0 |
|
|a rus
|
| 102 |
|
|
|a RU
|
| 105 |
|
|
|a y z 001zy
|
| 200 |
1 |
|
|a О раскрепощении женщины
|f В. И. Ленин
|g Институт Маркса - Энгельса - Ленина (ИМЭЛ)
|
| 210 |
|
|
|a Москва
|c Партийное изд-во
|d 1934
|
| 215 |
|
|
|a 72 с.
|
| 316 |
|
|
|5 63413507: КР-5607
|a На обложке и титульном листе владельческая подпись "Бутаков"
|
| 317 |
|
|
|5 63413507: КР-5607
|a Поступила в НТБ в 1970 г. в составе книжного собрания профессора ТПИ И. Н. Бутакова
|
| 320 |
|
|
|a Библиогр.: с. 69-70
|
| 606 |
|
|
|a Ленин В. И.
|j Отдельные произведения
|7 ca
|8 rus
|2 stltpush
|3 (RuTPU)RU\TPU\subj\73029
|9 86288
|
| 610 |
1 |
|
|a библиотека И. Н. Бутакова
|
| 610 |
1 |
|
|a женщины
|
| 610 |
1 |
|
|a женский вопрос
|
| 610 |
1 |
|
|a женское движение
|
| 610 |
1 |
|
|a женский труд
|
| 610 |
1 |
|
|a 20 век
|
| 610 |
1 |
|
|a история
|
| 610 |
1 |
|
|a владельческая надпись
|
| 686 |
|
|
|a Т3(2)6-8Ленин136
|v LBC/SL-A
|2 rubbk
|
| 700 |
|
1 |
|a Ленин
|b В. И.
|g Владимир Ильич
|
| 712 |
0 |
2 |
|a Институт Маркса - Энгельса - Ленина (ИМЭЛ)
|c (Москва)
|c (1931-1953)
|2 stltpush
|3 (RuTPU)RU\TPU\col\18490
|
| 801 |
|
1 |
|a RU
|b 63413507
|c 20180731
|
| 801 |
|
2 |
|a RU
|b 63413507
|c 20181227
|g RCR
|
| 942 |
|
|
|c BK
|